Statistics for Johto Gym Leader's Pokémon

Click here to take the quiz!

General Stats

  • This quiz has been taken 321 times
    (297 since last reset)
  • The average score is 40 of 58

Answer Stats

Leader + First game used inPokemon% Correct
Falkner HGSSPidgeot
99%
Falkner GSCPidgey
99%
Falkner GSCPidgeotto
98%
Bugsy GSCScyther
94%
Whitney GSCMiltank
93%
Clair GSCDragonair
92%
Morty GSCGengar
92%
Morty GSCHaunter
92%
Clair HGSSDragonite
91%
Morty GSCGastly
90%
Clair GSCKingdra
89%
Bugsy HGSSScizor
88%
Jasmine GSCSteelix
88%
Bugsy GSCKakuna
87%
Pryce GSCDewgong
86%
Bugsy GSCMetapod
86%
Pryce GSCPiloswine
85%
Jasmine GSCMagnemite
83%
Whitney GSCClefairy
82%
Falkner HGSSNoctowl
82%
Chuck GSCPoliwrath
81%
Bugsy HGSSHeracross
80%
Chuck GSCPrimeape
79%
Chuck HGSSHitmonchan
78%
Chuck HGSSHitmonlee
78%
Pryce HGSSMamoswine
77%
Whitney HGSSClefable
75%
Morty HGSSMismagius
73%
Bugsy HGSSPinsir
71%
Pryce GSCSeel
71%
Jasmine HGSSMagnezone
70%
Jasmine HGSSSkarmory
70%
Morty HGSSDusknoir
68%
Clair HGSSGyarados
68%
Falkner HGSSSwellow
67%
Falkner HGSSStaraptor
66%
Pryce HGSSFroslass
63%
Pryce HGSSGlalie
62%
Clair HGSSCharizard
61%
Pryce HGSSAbomasnow
58%
Clair HGSSAerodactyl
55%
Chuck HGSSMedicham
55%
Pryce HGSSWalrein
55%
Morty HGSSDrifblim
53%
Bugsy HGSSVespiquen
53%
Bugsy HGSSYanmega
53%
Morty HGSSSableye
52%
Jasmine HGSSBronzong
50%
Jasmine HGSSMetagross
50%
Falkner HGSSPelipper
45%
Falkner HGSSHonchkrow
44%
Bugsy HGSSShedinja
43%
Whitney HGSSBibarel
40%
Chuck HGSSBreloom
40%
Whitney HGSSDelcatty
39%
Whitney HGSSLickilicky
35%
Jasmine HGSSEmpoleon
29%
Whitney HGSSGirafarig
29%

Score Distribution

Percentile by Number Answered

Percent of People with Each Score

Your Score History

You have not taken this quiz since the last reset